Music Quiz

Random Music or Artist Quiz

Two Words Repeated In Song Clips Quiz Stats

Quiz not verified by Sporcle

Challenge
Share
Tweet
Score 0/20 Timer 07:00
1 Play Today
Clip and words Title OR Artist % Correct
1:04 - on andDon't Stop Believin' - Journey
91.7%
0:07 - come onA Little Less Conversation - Elvis Presley
86.1%
0:00 - come onPlease Please Me - The Beatles
82.4%
0:42 - hold onEverybody Hurts - R.E.M.
78.5%
0:36 - come onPiece Of My Heart - Janis Joplin
74.2%
1:24 - the edgeThe Edge Of Glory - Lady Gaga
70.2%
2:42 - kiss awayGimme Shelter - The Rolling Stones
65.4%
1:33 - sail awayOrinoco Flow - Enya
64.2%
1:07 - miles andI Can See For Miles - The Who
62.4%
1:49 - I knowAin't No Sunshine - Bill Withers
54.7%
Clip and words Title OR Artist % Correct
2:11 - tell meDo You Love Me - The Contours
54.1%
2:32 - get awayObjection Tango - Shakira
53.6%
0:13 - come onMony Mony - Billy Idol
51.1%
2:26 - get downGet Down Tonight - KC and the Sunshine Band
46.9%
0:26 - come onLet's Get It On - Marvin Gaye
35.7%
2:03 - how longThe Point Of Know Return - Kansas
26%
2:17 - oh yeahCheap Sunglasses - ZZ Top
23%
0:56 - hold meYou've Really Got A Hold On Me - The Miracles
18.9%
2:50 - right nowGet Together - The Youngbloods
17.7%
0:30 - come onGo All The Way - The Raspberries
6.8%

You're not logged in!

Compare scores with friends on all Sporcle quizzes.
Join for Free
OR
Log In

You Might Also Like...

Show Comments

Extras

Top Quizzes Today


Score Distribution

Your Account Isn't Verified!

In order to create a playlist on Sporcle, you need to verify the email address you used during registration. Go to your Sporcle Settings to finish the process.

Report this User

Report this user for behavior that violates our Community Guidelines.

Details: